| 000 | 01079nam2a22002531 4500 | ||
|---|---|---|---|
| 001 | RU\NLR\INFOCOMM15\1000031783 | ||
| 005 | 20031215104809.0 | ||
| 035 | _a(NLR Aleph) 002481042 | ||
| 090 |
_a2424124 _c2424124 |
||
| 100 | _a20031215d1897 |||y0rusy50 ca | ||
| 101 | 0 | _arus | |
| 102 | _aRU | ||
| 105 | _ay ||||||||| | ||
| 200 | 1 |
_aРусская периодическая печать 1703-1894 гг. _hВып.2 _fЛисовский Н.М. |
|
| 210 | _d1897 | ||
| 461 | 0 |
_1001RU\NLR\INFOCOMM15\1000031765 _12001#$aБиблиограф$eВестник литературы, науки и искусства$f[Ред. Н.М.Лисовский]$vГ.13 1897, №6 _92423996 _cСПб. _d1884-1914 _f[Ред. Н.М.Лисовский] _nЭ.Ф.Лисовская _oВестник литературы, науки и искусства _tБиблиограф _vГ.13 1897, №6 |
|
| 700 | 1 |
_aЛисовский _bН. М. _4070 |
|
| 801 | 0 |
_aRU _bNLR _gPSBO |
|
| 801 | 1 |
_aRU _bInfoComm _c20031215 |
|
| 852 |
_aNLR _j993П/Б-59 |
||
| 942 | _cISSUE | ||
| 980 | _aNB | ||
| 980 | _aRUSPER | ||